Văn học Việt Nam thế kỷ XX Q.1, T.XVIII Tiểu thuyết 1945-1975

Gespeichert in:
Bibliographische Detailangaben
Weitere Verfasser: Chu Giang (sưu tầm và tuyển chọn), Nguyễn Cừ (sưu tầm và tuyển chọn)
Format: Buch
Sprache:Vietnamese
Veröffentlicht: H. Văn học 2003
Schlagworte:
Tags: Tag hinzufügen
Keine Tags, Fügen Sie den ersten Tag hinzu!
Thư viện lưu trữ: Mạng thư viện Đại học Đà Nẵng
LEADER 01243nam a2200349 4500
001 000005800
003 1951
005 20110823140823.0
008 110823s2003 viesd
020 |c 0 
041 0 |a vie 
082 |a 895.9223  |b VAN 
245 1 0 |a Văn học Việt Nam thế kỷ XX  |c Mai Quốc Liên chủ biên  |n Q.1, T.XVIII  |p Tiểu thuyết 1945-1975 
260 |a H.  |b Văn học  |c 2003 
300 |a 1150 tr.  |b Chân dung  |c 24 cm 
653 |a Văn học Việt Nam 
653 |a Tiểu thuyết 1945-1975 
653 |a Nghiên cứu văn học 
700 |a Chu Giang  |e sưu tầm và tuyển chọn 
700 |a Nguyễn Cừ  |e sưu tầm và tuyển chọn 
773 |t Văn học Việt Nam thế kỷ XX  |w 1848 
910 |a Thu Sương  |d 19/8/2011 
OWN |a LSP 
AVA |a UDN50  |b LSP  |d 895.9223 VAN  |e available  |t Error 5001 Not defined in file expand_doc_bib_avail.  |f 2  |g 0  |h N  |i 0  |k 1 
999 |a From the UDN01 
AVA |a UDN50  |b LSP  |d 895.9223 VAN  |e available  |t Error 5001 Not defined in file expand_doc_bib_avail.  |f 2  |g 0  |h N  |i 0  |k 1 
TYP |a Monograph 
TYP |a Printed language 
980 |a Mạng thư viện Đại học Đà Nẵng